|
|
|
|
| LEADER |
01078nam a2200289 a 4500 |
| 001 |
36447 |
| 003 |
BD-DhAAL |
| 005 |
20211125122219.0 |
| 008 |
191022r20191987ii a b 001 0 eng d |
| 999 |
|
|
|c 41657
|d 41657
|
| 020 |
|
|
|a 9789388206303
|
| 040 |
|
|
|a STX
|c STX
|d BD-DhAAL
|
| 082 |
0 |
0 |
|a 340.1
|2 22
|
| 100 |
1 |
|
|a Mahajan, Vidya Dhar.
|9 36374
|
| 245 |
0 |
0 |
|a Jurisprudence and legal theory /
|c V.D. Mahajan.
|
| 250 |
|
|
|a Fifth edition
|
| 260 |
|
|
|a Lucknow [India] :
|b Eastern Book Company,
|c 1987 [reprinted 2019].
|
| 300 |
|
|
|a xxi, 641 pages :
|b illustrations ;
|c 22 cm.
|
| 504 |
|
|
|a Includes bibliographical references and index.
|
| 526 |
|
|
|a SOL
|
| 541 |
1 |
|
|a HYE Trade International
|e 36447
|
| 650 |
|
0 |
|a Jurisprudence
|x History.
|9 36375
|
| 650 |
|
0 |
|a Law
|x History.
|9 36376
|
| 650 |
|
0 |
|a Law.
|9 43203
|
| 852 |
4 |
|
|a Ayesha Abed Library
|j General stacks
|
| 942 |
|
|
|2 ddc
|c BK
|
| 952 |
|
|
|0 0
|1 0
|2 ddc
|4 0
|6 340_100000000000000_MAH
|7 0
|9 66894
|a BRACUL
|b BRACUL
|c GEN
|d 2019-10-21
|e Hye Trade International
|g 588.00
|l 9
|m 49
|o 340.1 MAH
|p 3010036447
|r 2025-06-02
|s 2025-05-22
|t 1
|v 588.00
|w 2019-10-21
|y BK
|